Songs In The Listen To Tunes Playlist - Statistics

General Stats
  • This quiz has been taken 16 times
  • The average score is 15 of 35
Answer Stats
Hint Answer % Correct
Hey hey mama said the way you move is gonna make you sweat gonna make you groove Black dog
75%
On a dark desert highway, cool wind in my hair. Warm small of colitas, rising up through the air. Hotel California
75%
I feel so unsure. As I take your hand and lead you to the dance floor Careless whisper
63%
When I die and they lay me to rest. Gonna go to the place that’s the best. Spirit in the sky
63%
There’s a lady who’s sure. All that glitters is gold. Stairway to heaven
63%
Blue-jean baby. L.A. Lady. Seamstress for the band. Tiny dancer
63%
It’s all the same. Only the names will change. Wanted dead or alive
63%
Dig if you will the picture of you and I engaged in a kiss. The sweat of your body covers me. When doves cry
63%
See the stone set in your eyes. See the thorn twist in your side. I’ll wait for you With or without you
63%
Today is gonna be the day that there gonna throw it back to you. And by now you should’ve somehow realized what you gotta do. Wonderwall
63%
Two worlds collide. Rival nations. It’s a primitive clash. Burning heart
50%
Oh, life, it’s bigger. It’s bigger than you and you are not me. Losing my religion
50%
Sometimes I feel like I don’t have a partner. Sometimes I feel like my only friend. Under the bridge
50%
Let us be lovers we’ll marry our fortunes together. I’ve got some real estate here in my bag. America
38%
In the day we sweat it out on the streets. Of a runaway American dream. Born to run
38%
Revvin’ up your engine. Listen to her howlin’ roar Danger zone
38%
I don’t mind you coming here wastin’ all of my time. ‘Cause when you’re standin’ oh so near, I kinda lose my mind. Just what I needed
38%
Oh, let the sun beat down upon my face, with stars to fill my dreams. I’m a traveller of both time and space. Kashmir
38%
I know when to go out. And when to stay in. Get things done Modern love
38%
Come over here. All you’ve got is this moment. Twenty-first century is yesterday Need you tonight
38%
Looking at the road rushing under my wheels. Looking back at the years gone by like so many summer fields. Running on empty
38%
Where it began. I can’t begin to know when. But then I know it’s growin’ strong. Sweet Caroline
38%
Listen to the wind blow. Watch the sun rise. The chain
38%
A screen door slams. Mary’s dress sways. Like a vision she dances across the porch as the radio plays. Thunder road
38%
I was born long ago. I am the chosen. I am the one. Are you gonna go my way
25%
There’s a port on a western bay and it serves a hundred ships a day. Lonely sailors pass the time away. Brandy
25%
You’ve got me runnin’, goin’ out of my mind. You’ve got me thinkin’ that I’m wasting my time. Don’t bring me down
25%
World turns black and white. Pictures in an empty room. Dreams
25%
In the days of my youth. I was told what it means to be a man. Good times bad times
25%
Don’t you feel it growin’ day by day? People gettin’ ready for the news. Listen to the music
25%
I’m a alligator. I’m a mama-papa comin’ for you. Moonage daydream
25%
Time is never time at all. You can never ever leave. Without leaving a piece of youth. Tonight tonight
25%
I follow the Moskva. Down to Gorky park. Wind of change
25%
Stay with me. My love, I hope you’ll always be. Right here by my side if ever I need you. Follow you follow me
13%
It’s just a ball of dust. Underneath my feet. It rolls around the sun. Mighty wings
13%
No matching quizzes found
Score Distribution
Percent of People with Each Score
Percentile by Number Answered
Your Score History
You have not taken this quiz